| Tag |
First Indicator |
Second Indicator |
Subfields |
| LEADER |
00000cam a2200000 a 4500 |
| 001 |
in00000008659 |
| 005 |
20151003080017.0 |
| 008 |
861119s1987 coua b 00110 eng |
| 010 |
|
|
|a 86028261
|
| 020 |
|
|
|a 0813304342 (alk. paper) :
|c $35.00
|
| 035 |
|
|
|a (OCoLC)14930978
|
| 035 |
|
|
|9 AAA1057AM
|
| 040 |
|
|
|a DLC
|c DLC
|d TXA
|d UtOrBLW
|
| 050 |
0 |
0 |
|a JA80
|b .D63 1987
|
| 082 |
0 |
|
|a 320/.01/574
|2 19
|
| 100 |
1 |
|
|a Dobuzinskis, Laurent.
|
| 245 |
1 |
4 |
|a The self-organizing polity :
|b an epistemological analysis of political life /
|c Laurent Dobuzinskis.
|
| 264 |
|
1 |
|a Boulder :
|b Westview Press,
|c 1987.
|
| 300 |
|
|
|a lx, 226 pages :
|b illustrations ;
|c 24 cm.
|
| 336 |
|
|
|a text
|b txt
|2 rdacontent
|
| 337 |
|
|
|a unmediated
|b n
|2 rdamedia
|
| 338 |
|
|
|a volume
|b nc
|2 rdacarrier
|
| 504 |
|
|
|a Bibliography: pages 215-221.
|
| 500 |
|
|
|a Includes index.
|
| 650 |
|
0 |
|a Biopolitics.
|
| 650 |
|
0 |
|a Political science.
|
| 999 |
|
|
|a MARS
|
| 999 |
f |
f |
|s b68c78bd-9f2b-3175-a7ba-48cc666f0025
|i 4bf358c2-d4bc-3a60-8c64-6d9635568910
|t 0
|
| 952 |
f |
f |
|p ric
|a Texas A&M University
|b Rellis Campus
|c Joint Library Facility
|d Remote Storage
|t 0
|e JA80 .D63 1987
|h Library of Congress classification
|i unmediated -- volume
|m A14812630999
|
| 998 |
f |
f |
|a JA80 .D63 1987
|t 0
|l Remote Storage
|